Logo BPK

Biblioteka

Politechniki Koszalińskiej

Statystyka i data mining w badaniach naukowych / (Rekord nr 52600)

Szczegóły MARC
000 -ETYKIETA REKORDU
podpole kontrolne o stałej długości 01830cam a2200565 i 4500
001 - NUMER KONTROLNY REKORDU
pole kontrolne 52600
003 - IDENTYFIKATOR NUMERU KONTROLNEGO REKORDU
podpole kontrolne KOSZ 005
005 - DATA OSTATNIEJ MODYFIKACJI REKORDU
podpole kontrolne 20240318101005.0
008 - POLE O STAŁEJ DŁUGOŚCI - DANE KONTROLNE
podpole kontrolne o stałej długości 240312s2006 pl a f 100 0 pol
015 ## - NUMER BIBLIOGRAFII NARODOWEJ
Numer bibliografii narodowej UWD 2006/24021
020 ## - MIĘDZYNARODOWY ZNORMALIZOWANY NUMER KSIĄŻKI - ISBN
ISBN 8388724312
020 ## - MIĘDZYNARODOWY ZNORMALIZOWANY NUMER KSIĄŻKI - ISBN
ISBN 9788388724312
035 ## - NUMER SYSTEMOWY
Numer systemowy przejętego rekordu 991032129109705066
035 ## - NUMER SYSTEMOWY
Numer systemowy przejętego rekordu (PL-WaBN)b1862649x-48omnis_nlop
035 ## - NUMER SYSTEMOWY
Numer systemowy przejętego rekordu b1862649x
035 ## - NUMER SYSTEMOWY
Numer systemowy przejętego rekordu (OCoLC)749989949
035 ## - NUMER SYSTEMOWY
Numer systemowy przejętego rekordu (PL)b0000001862649
035 ## - NUMER SYSTEMOWY
Numer systemowy przejętego rekordu (EXLNZ-48OMNIS_NETWORK)9910042067005606
040 ## - ŹRÓDŁO KATALOGOWANIA
Instytucja, która sporządziła opis WA N
Instytucja, która utworzyła rekord WA N
Instytucja, która dokonała modyfikacji KOSZ 005/HR
-- KOSZ 005/RW
046 ## - DATY KODOWANE
Pojedyncza data lub początek okresu powstania dzieła lub zbioru dzieł 2006
080 ## - UNIWERSALNA KLASYFIKACJA DZIESIĘTNA - UKD
UKD 004.62
080 ## - UNIWERSALNA KLASYFIKACJA DZIESIĘTNA - UKD
UKD 311
080 ## - UNIWERSALNA KLASYFIKACJA DZIESIĘTNA - UKD
UKD 61
080 ## - UNIWERSALNA KLASYFIKACJA DZIESIĘTNA - UKD
UKD 336
080 ## - UNIWERSALNA KLASYFIKACJA DZIESIĘTNA - UKD
UKD 06
245 00 - TYTUŁ/ODPOWIEDZIALNOŚĆ
Tytuł Statystyka i data mining w badaniach naukowych /
Pozostałe elementy strefy tytułu i oznaczenia odpowiedzialności [redakcja Janusz Wątroba].
260 ## - STREFA ADRESU WYDAWNICZEGO
Miejsce wydania Kraków :
Nazwa wydawcy/dystrybutora StatSoft Polska,
Data publikacji, dystrybucji/powstania dokumentu 2006.
300 ## - STREFA OPISU FIZYCZNEGO
Objętość 112 stron :
Inne cechy fizyczne ilustracje ;
Rozmiary 24 cm.
336 ## - TYP ZAWARTOŚCI
Termin opisujący typ zawartości Tekst
Kod określający zawartość txt
Źródło (terminu i kodu) rdacontent
337 ## - TYP MEDIÓW
Tryb odtwarzania Bez urządzenia pośredniczącego
Kod typu mediów n
Źródło (terminu i kodu) rdamedia
338 ## - TYP/RODZAJ NOŚNIKA
Hasło opisujące typ nośnika Wolumin
Kod typu nośnika nc
Źródło (terminu i kodu) rdacarrier
380 ## - FORMA I TYP PUBLIKACJI
Forma i typ publikacji Książki
380 ## - FORMA I TYP PUBLIKACJI
Forma i typ publikacji Publikacje naukowe
388 1# - CZAS POWSTANIA
Czas powstania 2001-
500 ## - UWAGI OGÓLNE
Tekst uwagi Materiały z seminariów StatSoft Polska, październik 2006 r.
504 ## - UWAGA DOTYCZĄCA BIBLIOGRAFII
Informacje o bibliografii Bibliografia przy referatach.
650 #7 - HASŁO PRZEDMIOTOWE W FORMIE NAZWY OGÓLNEJ LUB JEDNOSTKOWEJ
Nazwa ogólna lub geograficzna Badania naukowe
Źródło hasła lub terminu DBN
650 #7 - HASŁO PRZEDMIOTOWE W FORMIE NAZWY OGÓLNEJ LUB JEDNOSTKOWEJ
Nazwa ogólna lub geograficzna Data mining
650 #7 - HASŁO PRZEDMIOTOWE W FORMIE NAZWY OGÓLNEJ LUB JEDNOSTKOWEJ
Nazwa ogólna lub geograficzna Finanse
Źródło hasła lub terminu DBN
650 #7 - HASŁO PRZEDMIOTOWE W FORMIE NAZWY OGÓLNEJ LUB JEDNOSTKOWEJ
Nazwa ogólna lub geograficzna Metody badawcze
650 #7 - HASŁO PRZEDMIOTOWE W FORMIE NAZWY OGÓLNEJ LUB JEDNOSTKOWEJ
Nazwa ogólna lub geograficzna Statystyka medyczna
Źródło hasła lub terminu DBN
655 #7 - TERMIN INDEKSOWY - OKREŚLENIE RODZAJU/FORMY DOKUMENTU
Określenie rodzaju/formy dokumentu Materiały konferencyjne
Źródło terminu DBN
655 #7 - TERMIN INDEKSOWY - OKREŚLENIE RODZAJU/FORMY DOKUMENTU
Określenie rodzaju/formy dokumentu Praca zbiorowa
Źródło terminu DBN
658 ## - TERMIN INDEKSOWY - PRZEDMIOT PROGRAMU NAUCZANIA
Główny przedmiot programu nauczania Informatyka i technologie informacyjne
700 1# - HASŁO DODATKOWE - NAZWA OSOBOWA
Nazwa osobowa Wątroba, Janusz
Określenie związku między hasłem a opisywanym materiałem Redakcja
710 2# - HASŁO DODATKOWE - NAZWA CIAŁA ZBIOROWEGO
Nazwa ciała zbiorowego lub jednostki geograficznej Statsoft Polska
Kod określenia powiązania pbl
856 ## - LOKALIZACJA I DOSTĘP DO ELEKTRONICZNYCH DOKUMENTÓW ZDALNYCH
Link (URL) http://koha.tu.koszalin.pl/cgi-bin/koha/opac-detail.pl?biblionumber=52600
Tekst linku Katalog online BPK
942 ## - DODATKOWE ELEMENTY (KOHA)
Schemat klasyfikacji Uniwersalna Klasyfikacja Dziesiętna
Typ dokumentu Książka
Egzemplarze
Wycofany Status egzemplarza Uszkodzony Dostępność Lokalizacja stała Lokalizacja bieżąca Miejsce przechowywania Sygnatura Kod kreskowy Ostatnio wypożyczono Typ dokumentu Dział
      Dostępny Biblioteka Politechniki Koszalińskiej Biblioteka Politechniki Koszalińskiej Wypożyczalnia BG 81216 02347608 22.01.2021 Książka  
      Tylko na miejscu Czytelnia Wydziału Elektroniki i Informatyki, Wydziału Architektury i Wzornictwa, Wydziału Inżynierii Mechanicznej i Energetyki oraz Wydziału Inżynierii Lądowej, Środowiska i Geodezji Czytelnia Wydziału Elektroniki i Informatyki, Wydziału Architektury i Wzornictwa, Wydziału Inżynierii Mechanicznej i Energetyki oraz Wydziału Inżynierii Lądowej, Środowiska i Geodezji Czytelnia Wydziałowa ul. Śniadeckich 2 125163 02751634   Książka 004.6 Dane. Bazy danych. Przetwarzanie danych
© 2023 Biblioteka Politechniki Koszalińskiej :: KOHA